|
|
|
|
| LEADER |
00847nab a2200229 i 4500 |
| 001 |
misc11779 |
| 005 |
20191106141741.0 |
| 008 |
170607s1949 hu o 0|| hun d |
| 022 |
|
|
|a 0025-0260
|
| 040 |
|
|
|a SZTE Miscellanea Repozitórium
|b hun
|
| 041 |
|
|
|a hun
|
| 100 |
1 |
|
|a Dénes Magda
|
| 245 |
1 |
3 |
|a Az új magyar pedagógia útján
|h [elektronikus dokumentum] /
|c Dénes Magda
|
| 260 |
|
|
|c 1949
|
| 300 |
|
|
|a 87-93
|
| 490 |
0 |
|
|a Magyar pedagógia : a Magyar Tudományos Akadémia Pedagógiai Bizottságának folyóirata
|v 57-58
|
| 695 |
|
|
|a Neveléselmélet szocialista, Magyar pedagógia, Szocialista neveléselmélet
|
| 700 |
0 |
1 |
|a Mérei Ferenc
|e aut
|
| 700 |
0 |
1 |
|a Szávai Nándor
|e aut
|
| 700 |
0 |
1 |
|a Bóka László
|e aut
|
| 700 |
0 |
1 |
|a Faragó László
|e aut
|
| 856 |
4 |
0 |
|u http://misc.bibl.u-szeged.hu/11779/1/mp_1949_4340_087-093.pdf
|z Dokumentum-elérés
|